Balochistan :In the crosshairs of history/ (Record no. 179844)

MARC details
000 -LEADER
fixed length control field 00602nam a22001817a 4500
005 - DATE AND TIME OF LATEST TRANSACTION
control field 20210709170842.0
010 ## - LCCN (DPL NO)
LC control number ENG-129536
020 ## - INTERNATIONAL STANDARD BOOK NUMBER
Terms of availability 1560.00
International Standard Book Number 978-93-89137-72-9
035 ## - SYSTEM CONTROL NUMBER
System control number EN-113068
037 ## - SOURCE OF ACQUISITION
Source of stock number/acquisition DBAD/PUB
082 ## - DEWEY DECIMAL CLASSIFICATION NUMBER
Classification number 954.915
100 ## - MAIN ENTRY--PERSONAL NAME
Personal name Sandhya Jain
245 ## - TITLE STATEMENT
Title Balochistan :In the crosshairs of history/
Statement of responsibility, etc by Sandhya Jain
260 ## - PUBLICATION, DISTRIBUTION, ETC. (IMPRINT)
Place of publication, distribution, etc Daryaganj
Name of publisher, distributor, etc KW Publishers Pvt Ltd
Date of publication, distribution, etc 2021
270 ## - ADDRESS
City New Delhi
Telephone number +911123263498
Postal code 110002
Address 4676/21, First floor, Ansari road Daryaganj, New Delhi
Electronic mail address kw@kwpub.com
300 ## - PHYSICAL DESCRIPTION
Extent 332p;
Dimensions 24cm(hbk)
942 ## - ADDED ENTRY ELEMENTS (KOHA)
Source of classification or shelving scheme Dewey Decimal Classification
Item type English Books
Classification part 954.915
Call number suffix JAI
Holdings
Withdrawn status Lost status Not for loan Collection code Home library Current library Date acquired Source of acquisition Cost, normal purchase price Full call number Barcode Copy number Cost, replacement price Koha item type
      Non-fiction Central Library Central Library 09/07/2021 DBAD/PUB 1560.00 954.915 JAI EN-113068 1 1560.00 English Books

© Delhi Public Library
Hit Counter
free hit counter